00734nam a2200169 a 450000100100000000500170001000800410002704000250006808200160009310000460010924501830015526000660033830000200040404900090042495201140043399900170054700003004120240226144733.0110428s1983 dr 000 s spa d aDO-SdBNPbspacBNPHU axxxxbB641d1 aJorge Blanco, Salvador,d1926-201093055110aDiscursos del ciudadano presidente de la República Dr. Salvador Jorge Blanco durante la visita al país del Dr. Osvaldo Hurtado presidente de Ecuador /cSalvador Jorge Blanco. aSanto Domingo :bGobierno de Concentración Nacional,c1983. a20 p. ;c21 cm. aBNPD 0010718PDaPDbPDcCTd2011-04-28iLF1l0oxxxx B641dp30041-10r2020-06-25w2020-06-25yLFPDZNo se presta c29533d29533